| 000 | 00922nam a2200229Ia 4500 | ||
|---|---|---|---|
| 001 | 15234 | ||
| 003 | GE_BSU | ||
| 008 | 181216s||||||||xx |||||||||||||| ||und|| | ||
| 040 | _cGE_BSU | ||
| 080 | _a821.353.1-11+821.353.1-1 | ||
| 100 | _aჩარკვიანი,ჯანსუღ | ||
| 245 | _aძველი და ახალი | ||
| 245 | _bლირიკული პოემა და ლექსები სხვადასხვა წიგნებიდან | ||
| 245 | _cრედ.ვ.ჯავახაძე. მხატვ. დ.ერისთავი | ||
| 260 | _aთბილისი | ||
| 260 | _bსაბჭოთა საქართველო | ||
| 260 | _c1971 | ||
| 300 | _a226გვ.1ფ.პორტრ.21სმ. | ||
| 653 | _aლირიკული პოემა და ლექსები | ||
| 653 | _aძველი და ახალი | ||
| 942 | _cBK | ||
| 999 |
_c48346 _d48346 |
||